header

Scholastic children's encyclopedia. (Record no. 255617)

MARC details
000 -LEADER
fixed length control field 01135cam a2200301 a 4500
001 - CONTROL NUMBER
control field 13127092
003 - CONTROL NUMBER IDENTIFIER
control field OSt
005 - DATE AND TIME OF LATEST TRANSACTION
control field 20170222122559.0
008 - FIXED-LENGTH DATA ELEMENTS--GENERAL INFORMATION
fixed length control field 030318s2004 nyuab j e 001 0deng
010 ## - LIBRARY OF CONGRESS CONTROL NUMBER
LC control number 2003045591
020 ## - INTERNATIONAL STANDARD BOOK NUMBER
International Standard Book Number 0439438160
040 ## - CATALOGING SOURCE
Original cataloging agency DLC
Transcribing agency DLC
Modifying agency DLC
042 ## - AUTHENTICATION CODE
Authentication code lcac
050 00 - LIBRARY OF CONGRESS CALL NUMBER
Classification number AG5
Item number .S36 2004
082 00 - DEWEY DECIMAL CLASSIFICATION NUMBER
Classification number 031
Edition number 21
245 00 - TITLE STATEMENT
Title Scholastic children's encyclopedia.
260 ## - PUBLICATION, DISTRIBUTION, ETC. (IMPRINT)
Place of publication, distribution, etc New York :
Name of publisher, distributor, etc Scholastic Reference,
Date of publication, distribution, etc c2004.
300 ## - PHYSICAL DESCRIPTION
Extent ix, 710 p. :
Other physical details ill. (chiefly col.), col. maps ;
Dimensions 27 cm.
500 ## - GENERAL NOTE
General note Includes index.
520 ## - SUMMARY, ETC.
Summary, etc Presents brief articles on a wide variety of topics from Abolition Movement and Earthquakes to Prehistoric Peoples and Zoology.
650 #0 - SUBJECT ADDED ENTRY--TOPICAL TERM
Topical term or geographic name as entry element Children's encyclopedias and dictionaries.
Topical term or geographic name as entry element Encyclopedias and dictionaries.
710 2# - ADDED ENTRY--CORPORATE NAME
Corporate name or jurisdiction name as entry element Scholastic Inc.
856 42 - ELECTRONIC LOCATION AND ACCESS
Materials specified Publisher description
Uniform Resource Identifier <a href="http://www.loc.gov/catdir/description/schol051/2003045591.html">http://www.loc.gov/catdir/description/schol051/2003045591.html</a>
906 ## - LOCAL DATA ELEMENT F, LDF (RLIN)
a 7
b cbc
c orignew
d 1
e ocip
f 20
g y-gencatlg
942 ## - ADDED ENTRY ELEMENTS (KOHA)
Source of classification or shelving scheme Library of Congress Classification
Koha item type Long Loan Books
Holdings
Withdrawn status Lost status Source of classification or shelving scheme Damaged status Not for loan Collection code Home library Current library Shelving location Date acquired Total Checkouts Full call number Barcode Date last seen Price effective from Koha item type
    Library of Congress Classification     Non-fiction Rongo University Library Rongo University Library General Stacks 22/02/2017   AG5 .S36 2004 20156103 22/02/2017 22/02/2017 Long Loan Books

© 2026 Rongo University
Contact us: librarian | system librarian | Rongo university